01013cam a22003374i 4500003000900000005001700009008004100026020001800067035002700085040003300112082002200145110002400167245005400191264003600245300004400281336002100325337002500346338002300371490004700394505005400441526000900495526000900504526000800513526000800521526000800529526000800537541001700545650003700562650005400599700002200653PE-LiUPU20250731175643.0150706s r 000 0 d a9781424011889 a(Sirsi) i9781424011889 aPE-LiUPUbspacPE-LiUPUerda04a428.0786bFRL2212 aNational Geographic04aThe three rivers of Zambia /cRob Waring, editor. 1aBoston, Mass. :bHeinle,c2009. a24 páginas :bilustraciones ;c21 cm. atext2rdacontent aunmediated2rdamedia avolume2rdacarrier0 aFootprint reading library. Intermediate B10 aLectura en ingles de "Los tres ríos de Zambia". aP145 aP127 aP97 aP35 aP14 aP07 g002-0050801;24aRioszZambiavLibros de lectura.14aInglésvLibros de lectura para nuevos lectores.1 aWaring, Rob,eed.